| 000 | 00000nam##2200000za#4500 |
| 001 | 9.678914 |
| 003 | CaOODSP |
| 005 | 20250506145324 |
| 007 | ta |
| 008 | 150407|1992||||xxc||||| f|0| 0 fre|d |
| 020 | |a0-662-97760-2 |
| 040 | |aCaOODSP|bfre |
| 043 | |an-cn--- |
| 086 | 1 |aA63-1886/1992F |
| 110 | 1 |aCanada.|bAgriculture Canada. |
| 245 | 10|aMoutons DLS et Arcott : |bnouvelles races canadiennes / |cpar M. H. Fahmy et J. N. B. Shrestha. Publié par le Service aux programmes de recherches. |
| 260 | |aOttawa - Ontario : |bAgriculture Canada |c1992. |
| 300 | |a30p. : |bill., tableaux ; |c28 cm. |
| 500 | |a«La présente publication a pour objet de renseigner les éleveurs canadiens de moutons sur les caractéristiques et les particularités de ces nouvelles races.»--Avant-propos. |
| 520 | 3 |aLa présente publication a pour objet de renseigner les éleveurs canadiens de moutons sur les caractéristiques et les particularités de ces nouvelles races.--Avant-propos |
| 563 | |aCouverture souple |
| 590 | |a93-48|b1993-12-03 |
| 691 | 07|aÉlevage|2gcpds |
| 720 | 1 |aFahmy, M. H. |
| 720 | 1 |aShrestha, J. N. B. |
| 775 | 08|tDLS and Arcott sheep : |w(CaOODSP)9.645138 |
| 776 | 0#|tMoutons DLS et Arcott : |w(CaOODSP)9.641062 |
| 986 | |aPublication 1886/F |